[Event "Stuttgarter Stadtmeisterschaft 2010 B"]
[Site "Ditzingen"]
[Date "2010.05.14"]
[Round "4.24"]
[White "Srokovskiy, Andrea"]
[Black "Steimbach, Isabel"]
[Result "1/2-1/2"]
[WhiteElo "1726"]
[BlackElo "1543"]
[PlyCount "53"]
[EventDate "2010.??.??"]

1. d4 d5 2. Nf3 Nf6 3. e3 Bg4 4. h3 Bh5 5. Bd3 e6 6. b3 Be7 7. Bb2 a6 8. O-O
O-O 9. Nbd2 Nbd7 10. c4 c6 11. Qc2 Rc8 12. Ne5 Qc7 13. Ndf3 Bxf3 14. Nxf3 h6
15. Rac1 Rfe8 16. c5 a5 17. a3 b6 18. b4 b5 19. a4 bxa4 20. Qxa4 axb4 21. Qxb4
Rb8 22. Qd2 Rb7 23. Bc3 Ra8 24. Ra1 Rba7 25. Qc2 Rxa1 26. Rxa1 Rxa1+ 27. Bxa1
1/2-1/2

[Event "Stuttgarter Stadtmeisterschaft 2010 B"]
[Site "Ditzingen"]
[Date "2010.05.14"]
[Round "4.26"]
[White "Keller, Marcel"]
[Black "Knolmayer, Volker"]
[Result "1-0"]
[WhiteElo "1552"]
[BlackElo "1714"]
[PlyCount "87"]
[EventDate "2010.??.??"]

1. e4 Nc6 2. Nf3 e5 3. Bb5 a6 4. Bxc6 dxc6 5. O-O Bd6 6. h3 c5 7. Nc3 Nf6 8. d3
O-O 9. Bg5 c6 10. Ne2 h6 11. Bh4 Be6 12. Bg3 Nd7 13. c3 f5 14. exf5 Bxf5 15.
Qb3+ Kh8 16. Rad1 b5 17. a3 Qe7 18. Nh4 Bh7 19. Nf3 Qf6 20. Nh2 Bg6 21. Ng4 Qf5
22. Ne3 Qg5 23. Qe6 Bh5 24. Qxd7 Bxe2 25. Qxd6 Bxd1 26. Rxd1 Rf6 27. Qxe5 Qg6
28. Qxc5 Re8 29. Qd4 h5 30. h4 Rfe6 31. Qf4 Rf6 32. Qg5 Qf7 33. Be5 Rg6 34.
Qxh5+ Kg8 35. Bg3 Qf6 36. d4 Rxe3 37. fxe3 Rxg3 38. Qe8+ Kh7 39. Qe4+ Kg8 40.
Rf1 Qd6 41. Qe8+ Kh7 42. Rf8 Rxg2+ 43. Kxg2 Qd5+ 44. Kf2 1-0

[Event "Stuttgarter Stadtmeisterschaft 2010 B"]
[Site "Ditzingen"]
[Date "2010.05.14"]
[Round "4.27"]
[White "Vogel, Karlheinz"]
[Black "Wenzel, Ulrich"]
[Result "1/2-1/2"]
[WhiteElo "1408"]
[BlackElo "1699"]
[PlyCount "73"]
[EventDate "2010.??.??"]

1. d4 d5 2. c4 e6 3. Nc3 Nf6 4. Bg5 Be7 5. e3 O-O 6. Nf3 h6 7. Bxf6 Bxf6 8.
cxd5 exd5 9. h3 c6 10. Bd3 Nd7 11. O-O Be7 12. Qc2 Bd6 13. a3 Qe7 14. Na4 Nb6
15. Nc5 Bxc5 16. Qxc5 Qf6 17. b4 Bxh3 18. Rfc1 Bf5 19. Bxf5 Qxf5 20. b5 Rfc8
21. bxc6 Rxc6 22. Qb5 Qd7 23. Rxc6 bxc6 24. Qc5 Nc4 25. Rb1 Rc8 26. Rb4 Rc7 27.
Rb8+ Kh7 28. Qf8 Qe7 29. Qh8+ Kg6 30. g4 Qe4 31. Nh4+ Kf6 32. f3 Qxe3+ 33. Kg2
Qe2+ 34. Kg3 Qe1+ 35. Kh3 Qh1+ 36. Kg3 Qe1+ 37. Kh3 1/2-1/2

[Event "Stuttgarter Stadtmeisterschaft 2010 B"]
[Site "Ditzingen"]
[Date "2010.05.14"]
[Round "4.28"]
[White "Grözinger, Werner"]
[Black "Filenberg, Maksim"]
[Result "0-1"]
[WhiteElo "1340"]
[BlackElo "1659"]
[PlyCount "66"]
[EventDate "2010.??.??"]

1. c4 c5 2. Nc3 e6 3. Nf3 Nf6 4. e3 Nc6 5. Be2 Be7 6. O-O O-O 7. a3 d6 8. d4
cxd4 9. Nxd4 Nxd4 10. exd4 a6 11. Bf3 Qc7 12. b3 d5 13. c5 b6 14. b4 Bd7 15. g3
a5 16. Bf4 Qc8 17. Rc1 b5 18. Be2 Qb7 19. Bd3 Ne4 20. Qe2 Nxc3 21. Rxc3 axb4
22. axb4 Bc6 23. Qc2 h6 24. Rb3 Ra4 25. g4 Rfa8 26. Rfb1 Bf6 27. Be3 e5 28.
dxe5 Bxe5 29. f4 Ra2 30. Qd1 d4 31. Bf2 Bxf4 32. Qf1 Bh1 33. Bxd4 Bxh2# 0-1

[Event "Stuttgarter Stadtmeisterschaft 2010 B"]
[Site "Ditzingen"]
[Date "2010.05.14"]
[Round "4.29"]
[White "Michna, Marcus"]
[Black "Weigel, Curt"]
[Result "0-1"]
[WhiteElo "1857"]
[BlackElo "1554"]
[PlyCount "28"]
[EventDate "2010.??.??"]

1. d4 Nf6 2. f3 e6 3. e4 c5 4. Be3 cxd4 5. Qxd4 Nc6 6. Qd2 Bb4 7. c3 Be7 8. Bb5
O-O 9. Qf2 Qc7 10. Ne2 d6 11. Nd2 Bd7 12. O-O-O Ne5 13. Qg3 Bxb5 14. Bh6 Nh5
0-1

[Event "Stuttgarter Stadtmeisterschaft 2010 B"]
[Site "Ditzingen"]
[Date "2010.05.14"]
[Round "4.30"]
[White "Zeitler, Waldemar"]
[Black "Pocrnic, Josip"]
[Result "0-1"]
[WhiteElo "1544"]
[BlackElo "1816"]
[PlyCount "90"]
[EventDate "2010.??.??"]

1. d4 Nf6 2. e4 Nxe4 3. Bd3 Nf6 4. f4 c5 5. Nf3 e6 6. Nbd2 Nc6 7. Nb3 cxd4 8.
Nbxd4 Nxd4 9. Nxd4 Qb6 10. c3 Bc5 11. Bc2 O-O 12. O-O d5 13. b4 Bxd4+ 14. Qxd4
Qxd4+ 15. cxd4 g6 16. Bd3 Bd7 17. a4 a6 18. Bb2 Rfc8 19. b5 axb5 20. axb5 h5
21. h3 Ne8 22. Rxa8 Rxa8 23. Rc1 Ra7 24. Bc3 Ra3 25. Bf1 Rb3 26. Ba5 Bxb5 27.
Bxb5 Rxb5 28. Bd8 f6 29. Be7 Kf7 30. Ba3 f5 31. Rc8 Rb3 32. Bc5 Rb5 33. Rd8 Nf6
34. Rf8+ Kg7 35. Rc8 Ne4 36. Rc7+ Kg8 37. Be7 Rb1+ 38. Kh2 b5 39. Bh4 b4 40.
Re7 b3 41. Rxe6 b2 42. Rxg6+ Kf7 43. Rb6 Nd2 44. Kg3 Nc4 45. Rb7+ Ke6 {
Rest unvollstaendig/unleserlich} 0-1

[Event "Stuttgarter Stadtmeisterschaft 2010 B"]
[Site "Ditzingen"]
[Date "2010.05.14"]
[Round "4.31"]
[White "Domingos, Antonio"]
[Black "Steinmassl, Guido"]
[Result "1-0"]
[WhiteElo "1715"]
[BlackElo "1550"]
[PlyCount "87"]
[EventDate "2010.??.??"]

1. e4 c5 2. Nf3 Nc6 3. d4 cxd4 4. Nxd4 d6 5. Nc3 Nf6 6. f3 a6 7. Bc4 g6 8. Be3
Bg7 9. Qd2 Na5 10. Be2 Bd7 11. g4 Rc8 12. Bh6 Bxh6 13. Qxh6 Nc4 14. g5 Nh5 15.
Bxc4 Rxc4 16. O-O-O Qb6 17. Nb3 Kd8 18. Kb1 e6 19. f4 a5 20. Rd3 Nxf4 21. Qg7
Re8 22. Qf6+ Kc7 23. Qxf4 a4 24. Nd2 Rb4 25. Nd1 Ra8 26. Qxf7 Ra5 27. Rc3+ Rc5
28. Rxc5+ dxc5 29. Qf4+ Kc6 30. Qe5 Rd4 31. Nf3 Rb4 32. Re1 a3 33. b3 Qa5 34.
Re3 Kb6 35. Qd6+ Bc6 36. Ne5 Rd4 37. Qxd4 cxd4 38. Nc4+ Kb5 39. Nxa5 dxe3 40.
Nxc6 bxc6 41. Nxe3 Kb4 42. Nd1 c5 43. c3+ Kb5 44. Kc2 1-0

[Event "Stuttgarter Stadtmeisterschaft 2010 B"]
[Site "Ditzingen"]
[Date "2010.05.14"]
[Round "4.32"]
[White "Duran, Suat"]
[Black "Mager, Denis"]
[Result "1-0"]
[WhiteElo "1687"]
[BlackElo "1538"]
[PlyCount "71"]
[EventDate "2010.??.??"]

1. e4 e6 2. d4 d5 3. exd5 exd5 4. Bd3 Bd6 5. Ne2 Ne7 6. O-O O-O 7. c3 Bf5 8.
Bxf5 Nxf5 9. Qb3 b6 10. Bf4 c6 11. Bxd6 Qxd6 12. Nd2 Nd7 13. Nf3 Rfe8 14. Qc2
Qg6 15. Nf4 Qg4 16. Nd3 f6 17. h3 Qh5 18. Nf4 Qf7 19. Qxf5 Re4 20. Qg4 Nf8 21.
Qg3 g5 22. Nd3 Qe7 23. Rfe1 h5 24. Nd2 Re6 25. Rxe6 Qxe6 26. Re1 Qf5 27. Qf3
Qg6 28. Nb4 Rc8 29. Nxc6 Rxc6 30. Qxd5+ Re6 31. Rxe6 Nxe6 32. Qxe6+ Kg7 33. Ne4
g4 34. hxg4 hxg4 35. Qe7+ Kg8 36. Nxf6+ 1-0

[Event "Stuttgarter Stadtmeisterschaft 2010 B"]
[Site "Ditzingen"]
[Date "2010.05.14"]
[Round "4.33"]
[White "Weisensel, Wolfgang"]
[Black "Hengster, Pascal"]
[Result "0-1"]
[WhiteElo "1685"]
[BlackElo "1514"]
[PlyCount "58"]
[EventDate "2010.??.??"]

1. d4 e6 2. c4 Nf6 3. Nf3 b6 4. Bg5 Bb7 5. a3 c5 6. e3 Be7 7. Nc3 O-O 8. Be2
Nc6 9. O-O Qc7 10. Nb5 Qd8 11. Bxf6 gxf6 12. dxc5 Bxc5 13. Nd6 Bxd6 14. Qxd6
Qb8 15. Rfd1 Rd8 16. Qxb8 Nxb8 17. Kf1 Na6 18. b4 Nc7 19. Ne1 Rac8 20. Rac1 Ne8
21. Bf3 Bxf3 22. Nxf3 d6 23. e4 e5 24. Ke2 Rc6 25. c5 Rdc8 26. b5 Rxc5 27. Rxc5
Rxc5 28. Rd5 Rxd5 29. exd5 Nc7 0-1

[Event "Stuttgarter Stadtmeisterschaft 2010 B"]
[Site "Ditzingen"]
[Date "2010.05.14"]
[Round "4.34"]
[White "Grüneschild, Hildegard"]
[Black "Reiß, Michael"]
[Result "0-1"]
[WhiteElo "1663"]
[BlackElo "1509"]
[PlyCount "134"]
[EventDate "2010.??.??"]

1. c4 e5 2. Nc3 Nf6 3. g3 d6 4. Bg2 Be7 5. e3 Nc6 6. Nge2 O-O 7. O-O Bf5 8. e4
Be6 9. Nd5 Qd7 10. f4 Bg4 11. f5 Nd4 12. Rf2 Nxe2+ 13. Rxe2 Bxe2 14. Qxe2 Nxd5
15. cxd5 c6 16. Qc4 cxd5 17. Qxd5 Qc6 18. Qb3 Qb6+ 19. Qxb6 axb6 20. d3 Rac8
21. Bd2 h6 22. Bc3 Bg5 23. Re1 b5 24. a3 Bd8 25. Bh3 Bb6+ 26. Kg2 f6 27. Rf1
Rfd8 28. Kf3 d5 29. exd5 Rxd5 30. Ke4 Rcd8 31. Rd1 Bd4 32. Bf1 Bxc3 33. bxc3
Rc5 34. Rb1 Rxc3 35. Rxb5 Rxa3 36. Rxb7 Ra1 37. Be2 Ra4+ 38. Ke3 Re8 39. Bd1
Ra3 40. Bb3+ Kh8 41. Bc4 Rc8 42. Ke4 Rd8 43. Ke3 Ra1 44. Rb2 Rf1 45. h4 Rxf5
46. Be6 Rf1 47. g4 Rh1 48. g5 Rxh4 49. gxf6 gxf6 50. Bf5 h5 51. Rg2 Rg8 52. Rf2
Rg3+ 53. Ke2 Rf4 54. Be4 Rxf2+ 55. Kxf2 h4 56. Bf5 Kg7 57. Be4 Kf8 58. Bf5 Ke7
59. Be4 Kd6 60. Bf5 Kc5 61. Be4 Kd4 62. Bf5 Rxd3 63. Bxd3 Kxd3 64. Kf1 e4 65.
Kg2 e3 66. Kf1 e2+ 67. Ke1 h3 0-1

[Event "Stuttgarter Stadtmeisterschaft 2010 B"]
[Site "Ditzingen"]
[Date "2010.05.14"]
[Round "4.35"]
[White "Schmidt, Tobias"]
[Black "Bay, Johannes"]
[Result "0-1"]
[WhiteElo "1537"]
[BlackElo "1650"]
[PlyCount "122"]
[EventDate "2010.??.??"]

1. e4 b6 2. d4 Bb7 3. Nc3 e6 4. Bd3 Nf6 5. Bf4 Bb4 6. f3 c5 7. Nge2 Nc6 8. Be3
cxd4 9. Nxd4 Bxc3+ 10. bxc3 O-O 11. O-O Rc8 12. Qe1 h6 13. Qg3 Kh8 14. Bd2 Ne7
15. Nb5 Nc6 16. Nd6 Rb8 17. Nxb7 Rxb7 18. Ba6 Rb8 19. Rab1 d5 20. Bd3 dxe4 21.
fxe4 Rc8 22. Rbd1 Qc7 23. Qh3 Nh7 24. Rf4 Ne5 25. Rff1 Ng6 26. Rf3 Qc5+ 27. Kh1
Ng5 28. Bxg5 Qxg5 29. Bf1 Qa5 30. Ra1 Qa4 31. Rf2 Qxe4 32. Qf3 Qxf3 33. Rxf3
Rc7 34. Rb1 Ne5 35. Re3 Nc4 36. Bxc4 Rxc4 37. Kg1 Rfc8 38. Rb3 R4c5 39. Kf2 e5
40. g4 f6 41. Kf3 Rc4 42. h3 Ra4 43. a3 Rcc4 44. Re2 Rf4+ 45. Kg3 Rf1 46. Kg2
Ra1 47. Re3 Ra2 48. Re2 R4xa3 49. Rxa3 Rxa3 50. Re3 b5 51. Kf2 a5 52. Ke2 Kg8
53. Kd2 Kf7 54. Rd3 Ke6 55. Ke3 b4 56. cxb4 Rxd3+ 57. Kxd3 axb4 58. Kc4 g6 59.
Kxb4 f5 60. Kc4 f4 61. Kd3 Kd5 0-1

[Event "Stuttgarter Stadtmeisterschaft 2010 B"]
[Site "Ditzingen"]
[Date "2010.05.14"]
[Round "4.36"]
[White "Schöfzig, Winfried"]
[Black "Herkommer, Andreas"]
[Result "1-0"]
[WhiteElo "1648"]
[BlackElo "1501"]
[PlyCount "43"]
[EventDate "2010.??.??"]

1. d4 d5 2. e4 dxe4 3. Nc3 Nf6 4. f3 exf3 5. Qxf3 Qxd4 6. Be3 Qg4 7. Qf2 Bd7 8.
Be2 Qb4 9. O-O-O e6 10. Nf3 Nc6 11. Nd4 Nxd4 12. Rxd4 Qa5 13. Rc4 Bb4 14. Rxb4
Nd5 15. Nxd5 exd5 16. Rxb7 Qxa2 17. Rf1 O-O 18. Bc5 Rfd8 19. Qxf7+ Kh8 20. Bf8
Qa1+ 21. Kd2 Qa5+ 22. c3 1-0

[Event "Stuttgarter Stadtmeisterschaft 2010 B"]
[Site "Ditzingen"]
[Date "2010.05.14"]
[Round "4.37"]
[White "Kruck, Mathias"]
[Black "Grunow, Carmen"]
[Result "1/2-1/2"]
[WhiteElo "1638"]
[BlackElo "1418"]
[PlyCount "102"]
[EventDate "2010.??.??"]

1. c4 e5 2. Nc3 Nf6 3. Nf3 Nc6 4. d3 d5 5. cxd5 Nxd5 6. g3 Bb4 7. Bd2 O-O 8.
Bg2 Nxc3 9. bxc3 Bc5 10. O-O Re8 11. Qc2 Bf5 12. Ng5 Bg6 13. Rab1 Bb6 14. Rb5
Qf6 15. Ne4 Qe7 16. Be3 a6 17. Rb2 Bxe3 18. fxe3 Rab8 19. c4 f5 20. Nf2 Qc5 21.
Nd1 f4 22. gxf4 exf4 23. Bd5+ Kh8 24. Rxf4 Rxe3 25. Nxe3 Qxe3+ 26. Rf2 Rf8 27.
Bf3 Bh5 28. Qd2 Qc5 29. Rxb7 Ne5 30. d4 Nxf3+ 31. exf3 Qc6 32. Rb3 g6 33. Qc3
Kg8 34. Qe3 Qf6 35. Kg2 g5 36. Rb7 Re8 37. Qc3 Qf4 38. c5 Re3 39. Qc4+ Kg7 40.
Qd5 Re7 41. Rb3 Bf7 42. Qb7 Bxb3 43. axb3 Re3 44. Qd5 Re7 45. Qc4 Re3 46. Qxa6
g4 47. fxg4 Qxg4+ 48. Kh1 Re1+ 49. Rf1 Qf3+ 50. Kg1 Qe3+ 51. Kh1 Qf3+ 1/2-1/2

[Event "Stuttgarter Stadtmeisterschaft 2010 B"]
[Site "Ditzingen"]
[Date "2010.05.14"]
[Round "4.38"]
[White "Mejerski, Stephan"]
[Black "Moll, Nino"]
[Result "0-1"]
[WhiteElo "1635"]
[BlackElo "1336"]
[PlyCount "30"]
[EventDate "2010.??.??"]

1. e4 b6 2. Nc3 Bb7 3. Bc4 e6 4. Nf3 Bb4 5. d3 Nf6 6. O-O Bxc3 7. bxc3 O-O 8.
Bg5 h6 9. Bh4 d6 10. e5 dxe5 11. Nxe5 Nbd7 12. Nxd7 Qxd7 13. Bxf6 gxf6 14. Qg4+
Kh7 15. d4 Rg8 0-1

[Event "Stuttgarter Stadtmeisterschaft 2010 B"]
[Site "Ditzingen"]
[Date "2010.05.14"]
[Round "4.40"]
[White "Dallinger, Moritz"]
[Black "Hartmann, Anatoli"]
[Result "0-1"]
[WhiteElo "1418"]
[BlackElo "1591"]
[PlyCount "88"]
[EventDate "2010.??.??"]

1. e4 e6 2. f4 d5 3. e5 Ne7 4. Nf3 Nbc6 5. d4 Nf5 6. g4 Nh6 7. h3 Be7 8. Be3
Bh4+ 9. Nxh4 Qxh4+ 10. Bf2 Qe7 11. c3 f6 12. exf6 gxf6 13. Qe2 Bd7 14. Nd2
O-O-O 15. O-O-O Nf7 16. Bg2 Nd6 17. Rhe1 Qf7 18. Bg3 f5 19. g5 Ne7 20. c4 Ne4
21. Nxe4 fxe4 22. cxd5 exd5 23. Qc2 Nf5 24. Bf2 Rde8 25. Qb3 Re6 26. Bxe4 dxe4
27. Rxe4 Rc6+ 28. Kd2 Qxb3 29. axb3 Nd6 30. Re5 Bf5 31. Rc1 Rxc1 32. Kxc1 Bxh3
33. Ra5 a6 34. Re5 Re8 35. Kd2 Rxe5 36. dxe5 Ne4+ 37. Ke3 Nxf2 38. Kxf2 Kd7 39.
Ke3 c5 40. Ke4 Ke6 41. Ke3 Bf5 42. Kf3 Bc2 43. b4 cxb4 44. Kg4 a5 0-1

[Event "Stuttgarter Stadtmeisterschaft 2010 B"]
[Site "Ditzingen"]
[Date "2010.05.14"]
[Round "4.41"]
[White "Kanz, Edwin"]
[Black "Marx, Alexander"]
[Result "0-1"]
[WhiteElo "1414"]
[BlackElo "1570"]
[PlyCount "104"]
[EventDate "2010.??.??"]

1. d4 d5 2. Nf3 Nf6 3. e3 e6 4. Bd3 c5 5. b3 b6 6. Bb2 Ba6 7. c4 dxc4 8. bxc4
Bb7 9. Nbd2 Be7 10. O-O O-O 11. Qc2 h6 12. Ne5 Nc6 13. Nxc6 Bxc6 14. Nb3 Nd7
15. Rad1 cxd4 16. Nxd4 Bb7 17. Rd2 Qc7 18. Rfd1 Nf6 19. f3 Qc5 20. Re2 Qg5 21.
Rf2 e5 22. f4 exf4 23. exf4 Qc5 24. Nb3 Qc6 25. h3 Rfd8 26. Be2 Rxd1+ 27. Bxd1
Rd8 28. Bf3 Qc8 29. Re2 Bxf3 30. Rxe7 Bd1 31. Qc3 Rd7 32. Rxd7 Qxd7 33. Nd2 Qe6
34. Kh2 Nh5 35. Nf1 f6 36. Qd2 Qe2 37. Qd5+ Kh7 38. Qf5+ Kg8 39. Qd5+ Kf8 40.
Ba3+ Ke8 41. Qd6 Bc2 42. Nd2 Bf5 43. Nf3 Qe6 44. Qc7 Qd7 45. Qb8+ Kf7 46. Qf8+
Kg6 47. Nh4+ Kh7 48. Nxf5 Qxf5 49. Bd6 Nxf4 50. Qb8 Ne2 51. Qxa7 Qf2 52. h4
Qxh4# 0-1

[Event "Stuttgarter Stadtmeisterschaft 2010 B"]
[Site "Ditzingen"]
[Date "2010.05.14"]
[Round "4.42"]
[White "Schmitz, Harald"]
[Black "Sigmund, Wolfgang"]
[Result "1/2-1/2"]
[WhiteElo "1741"]
[BlackElo "1421"]
[PlyCount "40"]
[EventDate "2010.??.??"]

1. e4 e5 2. Nf3 Nc6 3. Bc4 Bc5 4. c3 Nf6 5. d4 exd4 6. cxd4 Bb4+ 7. Bd2 Bxd2+
8. Nbxd2 d5 9. exd5 Nxd5 10. O-O O-O 11. Re1 Nb6 12. Re4 Nxc4 13. Nxc4 Be6 14.
Nce5 Bd5 15. Re3 Qd6 16. Nxc6 Bxc6 17. Ne5 Bd5 18. Qe2 Rad8 19. b3 Qf6 20. Re1
Rd6 1/2-1/2

[Event "Stuttgarter Stadtmeisterschaft 2010 B"]
[Site "Ditzingen"]
[Date "2010.05.14"]
[Round "4.43"]
[White "Kean, Christopher"]
[Black "Griesche, Veit"]
[Result "0-1"]
[WhiteElo "1661"]
[BlackElo "1302"]
[PlyCount "48"]
[EventDate "2010.??.??"]

1. d4 d5 2. Nf3 Nf6 3. c4 e6 4. Nc3 Bb4 5. g3 dxc4 6. a3 Bxc3+ 7. bxc3 b5 8.
Bg2 Bb7 9. a4 c6 10. Ne5 Qc8 11. O-O O-O 12. Ba3 Re8 13. Bc5 Nbd7 14. axb5 cxb5
15. Bxa7 Bxg2 16. Kxg2 Qb7+ 17. Kg1 Rxa7 18. Rb1 Nd5 19. Nxc4 Qc6 20. Ne5 Nxe5
21. dxe5 Nxc3 22. Rc1 Rc8 23. Qd3 Ra2 24. Rfd1 g6 0-1

[Event "Stuttgarter Stadtmeisterschaft 2010 B"]
[Site "Ditzingen"]
[Date "2010.05.14"]
[Round "4.44"]
[White "Wendland, Viktor"]
[Black "Burkhardt, Adrian"]
[Result "1-0"]
[WhiteElo "1588"]
[BlackElo "1436"]
[PlyCount "51"]
[EventDate "2010.??.??"]

1. d4 e6 2. c4 d5 3. Nc3 Nf6 4. Bg5 Bb4 5. Nf3 Bxc3+ 6. bxc3 Nbd7 7. Nd2 h6 8.
Bh4 c6 9. f3 Qc7 10. e4 e5 11. Bd3 O-O 12. O-O Qd6 13. f4 Qe6 14. fxe5 Nxe4 15.
cxd5 cxd5 16. Nxe4 dxe4 17. Bxe4 g5 18. Bg3 Rd8 19. Kh1 Nc5 20. Bf3 Qc4 21. Qd2
Rb8 22. d5 Ne4 23. Bxe4 Qxe4 24. e6 Rxd5 25. exf7+ Kf8 26. Bd6+ 1-0

[Event "Stuttgarter Stadtmeisterschaft 2010 B"]
[Site "Ditzingen"]
[Date "2010.05.14"]
[Round "4.45"]
[White "Herbst, Rudolf"]
[Black "Obermeier, Carl"]
[Result "1-0"]
[WhiteElo "1765"]
[BlackElo "1392"]
[PlyCount "67"]
[EventDate "2010.??.??"]

1. c4 f5 2. g3 Nf6 3. Bg2 e6 4. d4 Be7 5. Nf3 Na6 6. Nc3 c5 7. d5 d6 8. dxe6 h6
9. O-O Bxe6 10. b3 O-O 11. Nh4 Qd7 12. Ng6 Rfe8 13. Nxe7+ Rxe7 14. Nd5 Nxd5 15.
Bxd5 Nb4 16. Bg2 d5 17. a3 dxc4 18. axb4 cxb4 19. Qxd7 Rxd7 20. bxc4 Bxc4 21.
Re1 a5 22. Bb2 Rad8 23. Rxa5 Rd2 24. Be5 Bxe2 25. Bxb7 R8d7 26. Bc6 Rd1 27.
Rxd1 Rxd1+ 28. Kg2 Bf1+ 29. Kf3 g5 30. Rd5 Rb1 31. Rd8+ Kf7 32. Bd5+ Kg6 33.
Rd6+ Kh7 34. Rd7+ 1-0

[Event "Stuttgarter Stadtmeisterschaft 2010 B"]
[Site "Ditzingen"]
[Date "2010.05.14"]
[Round "4.47"]
[White "Dölker, Kai"]
[Black "Sievers, Gerda"]
[Result "1-0"]
[WhiteElo "1540"]
[BlackElo "1206"]
[PlyCount "111"]
[EventDate "2010.??.??"]

1. d4 f5 2. c4 e6 3. Nc3 Nf6 4. Bg5 Be7 5. e3 O-O 6. Nf3 d6 7. Be2 c6 8. O-O
Qe8 9. b4 Nbd7 10. Qb3 h6 11. Bxf6 Bxf6 12. c5 d5 13. b5 Bd8 14. a4 Kh8 15. a5
a6 16. bxc6 bxc6 17. Rfb1 Rb8 18. Qa4 Rxb1+ 19. Rxb1 Nf6 20. Ne5 Bd7 21. Rb8
Kh7 22. Bxa6 Qe7 23. Rb7 Qe8 24. Nxd7 Nxd7 25. Qxc6 Nf6 26. Qxe8 Rxe8 27. Bb5
Rf8 28. a6 Ba5 29. a7 Ra8 30. Na4 Ne4 31. Nb6 Bxb6 32. cxb6 Rc8 33. Rc7 Ra8 34.
b7 Rxa7 35. b8=Q Ra1+ 36. Bf1 Nd2 37. Qb5 Rxf1+ 38. Qxf1 Nxf1 39. Kxf1 Kg6 40.
g3 Kf6 41. f4 g5 42. h4 gxh4 43. gxh4 h5 44. Ke2 Kg6 45. Kd2 Kf6 46. Kc3 Kg6
47. Kb4 Kf6 48. Kc5 Kg6 49. Kd6 Kf6 50. Ra7 Kg6 51. Kxe6 Kh6 52. Ra8 Kg7 53.
Ke7 Kg6 54. Rg8+ Kh6 55. Kf7 Kh7 56. Ra8 1-0

[Event "Stuttgarter Stadtmeisterschaft 2010 B"]
[Site "Ditzingen"]
[Date "2010.05.15"]
[Round "5.1"]
[White "Schaffert, Walter"]
[Black "Lörincz, Peter"]
[Result "1-0"]
[WhiteElo "1756"]
[BlackElo "1840"]
[PlyCount "37"]
[EventDate "2010.??.??"]
[WhiteTeam "SG Ludwigsburg 1919"]
[BlackTeam "SK Lauffen"]

1. e4 d6 2. d4 e6 3. Nc3 Ne7 4. Be3 Ng6 5. Bd3 Be7 6. f4 e5 7. dxe5 dxe5 8. f5
Nf8 9. Nf3 Bh4+ 10. g3 Bf6 11. Qd2 Nc6 12. O-O-O a6 13. Nd5 Be7 14. g4 Qd6 15.
Qe2 f6 16. g5 Bd7 17. gxf6 gxf6 18. Nd2 O-O-O 19. Nc4 1-0

[Event "Stuttgarter Stadtmeisterschaft 2010 B"]
[Site "Ditzingen"]
[Date "2010.05.15"]
[Round "5.2"]
[White "Ohnmacht, Simon"]
[Black "Helfrich, Leo"]
[Result "0-1"]
[WhiteElo "1883"]
[BlackElo "1701"]
[PlyCount "144"]
[EventDate "2010.??.??"]
[WhiteTeam "SC Mühlacker 1923 e.V."]
[BlackTeam "SC Pforzheim 1906"]

1. e4 d6 2. d4 g6 3. Be3 Bg7 4. Nc3 Nf6 5. Qd2 c6 6. f3 Qa5 7. Bc4 Nbd7 8. a3
b5 9. Ba2 Nb6 10. Bh6 Bxh6 11. Qxh6 Nc4 12. Bxc4 bxc4 13. Nge2 Rb8 14. Rb1 Qh5
15. Qe3 Qh4+ 16. g3 Qh5 17. h4 O-O 18. e5 dxe5 19. g4 exd4 20. Qxd4 Qa5 21.
Qxc4 Ba6 22. Qa4 Qb6 23. Qd4 c5 24. Qe3 Qc6 25. Kf2 Bb7 26. Rbg1 Bc8 27. b3
Bxg4 28. fxg4 Qxh1 29. Rxh1 Nxg4+ 30. Kf3 Nxe3 31. Kxe3 a5 32. Ne4 c4 33. bxc4
Rb2 34. Rd1 Rxc2 35. Rd5 Rxc4 36. Rxa5 f5 37. Ng5 h6 38. Nf3 Re4+ 39. Kf2 Rc8
40. Re5 Ra8 41. Rxe4 fxe4 42. Ne5 Kg7 43. Ke3 Rxa3+ 44. Kxe4 Ra2 45. Nf4 Ra6
46. Kf3 g5 47. Nh5+ Kh7 48. hxg5 hxg5 49. Kg4 Ra5 50. Nf7 e5 51. Nxg5+ Kg6 52.
Ne4 Ra3 53. Nhg3 Rb3 54. Nc5 Rc3 55. Nce4 Rc2 56. Nf1 Rc8 57. Nfg3 Rf8 58. Kh3
Rf4 59. Kg2 Kf7 60. Nf2 Rd4 61. Kf3 Ke6 62. Ng4 Rf4+ 63. Ke3 Rxg4 64. Ne4 Rh4
65. Ng5+ Kf5 66. Nf3 Re4+ 67. Kf2 Ra4 68. Ke3 Ra3+ 69. Ke2 Kf4 70. Nd2 e4 71.
Ke1 Ra2 72. Nf1 e3 0-1

[Event "Stuttgarter Stadtmeisterschaft 2010 B"]
[Site "Ditzingen"]
[Date "2010.05.15"]
[Round "5.3"]
[White "Riegel, Frank"]
[Black "Schmidt, Markus"]
[Result "1-0"]
[WhiteElo "1858"]
[BlackElo "1768"]
[PlyCount "133"]
[EventDate "2010.??.??"]
[WhiteTeam "SV Stuttgart-Wolfbusch 1956 e.V."]
[BlackTeam "Stuttgarter SF 1879"]

1. e4 d6 2. d4 Nf6 3. Nc3 g6 4. f3 Bg7 5. Be3 c6 6. Qd2 Qa5 7. Bc4 Nbd7 8. a3
b5 9. Bd3 Rb8 10. b4 Qc7 11. Nge2 Nb6 12. O-O Be6 13. d5 cxd5 14. Bxb5+ Kf8 15.
Nf4 Qc8 16. Nxe6+ Qxe6 17. Rae1 dxe4 18. fxe4 Ng4 19. Bd4 Bxd4+ 20. Qxd4 Qe5
21. Qxe5 Nxe5 22. Re3 Nbc4 23. Bxc4 Nxc4 24. Ref3 f6 25. Nb1 Rc8 26. Rc3 Kg7
27. Rff3 Rhd8 28. Kf2 e6 29. Ke2 d5 30. exd5 exd5 31. Nd2 Re8+ 32. Kd1 Ne5 33.
Rxc8 Rxc8 34. Rb3 Kf7 35. h3 h5 36. Nf3 Ke6 37. Nd4+ Kd7 38. a4 Rc4 39. Nb5 a6
40. Na3 Rd4+ 41. Ke2 Re4+ 42. Kf2 h4 43. Nb1 Rc4 44. Na3 Rf4+ 45. Ke3 g5 46. a5
Kc6 47. b5+ axb5 48. Nxb5 Nc4+ 49. Kd3 Nxa5 50. Nd4+ Kd6 51. Rb6+ Kc7 52. Ra6
Nc4 53. Ne6+ Kb7 54. Nxf4 Kxa6 55. Nxd5 Kb5 56. Nxf6 Ne5+ 57. Ke4 Ng6 58. Nd5
Kc5 59. Kf5 Nf8 60. Nf6 Kd6 61. Ne4+ Kd5 62. Nxg5 Kc4 63. Nf3 Kc3 64. Nxh4 Kxc2
65. Ng6 Nh7 66. Nf4 Kd2 67. Ne6 1-0

[Event "Stuttgarter Stadtmeisterschaft 2010 B"]
[Site "Ditzingen"]
[Date "2010.05.15"]
[Round "5.4"]
[White "Ostertag, Stephan"]
[Black "Cosic, Dzafer"]
[Result "1-0"]
[WhiteElo "1806"]
[BlackElo "1879"]
[PlyCount "109"]
[EventDate "2010.??.??"]
[WhiteTeam "SV Urach"]
[BlackTeam "SC Erdmannhausen"]

1. e4 g6 2. d4 Bg7 3. Nc3 c6 4. Be3 d6 5. Qd2 Na6 6. O-O-O Rb8 7. h4 h5 8. f3
b5 9. d5 b4 10. Nb1 c5 11. Bc4 Nc7 12. Qd3 a5 13. f4 Nf6 14. Rf1 Ng4 15. Bd2 a4
16. Nf3 O-O 17. f5 Bd7 18. Bf4 Nb5 19. Ng5 Nd4 20. fxg6 fxg6 21. Ne6 Bxe6 22.
dxe6 b3 23. axb3 axb3 24. c3 Nc6 25. Bxd6 Bh6+ 26. Nd2 Rxf1+ 27. Rxf1 Nce5 28.
Bxe5 Nxe5 29. Qxd8+ Rxd8 30. Bd5 Nd3+ 31. Kd1 Nxb2+ 32. Ke2 Na4 33. Kd3 b2 34.
Nc4 Bg7 35. Kc2 Bxc3 36. Bc6 Rd4 37. Bxa4 Rxc4 38. Bb3 Rxe4 39. Kxc3 Rxh4 40.
Kxb2 Rb4 41. Kc3 Rg4 42. Rf7 Rxg2 43. Rxe7 Rg3+ 44. Kc4 h4 45. Rd7 h3 46. Rd8+
Kg7 47. e7 h2 48. e8=Q Rg4+ 49. Kxc5 Rg5+ 50. Bd5 Rxd5+ 51. Rxd5 h1=Q 52. Qe7+
Kh6 53. Qg5+ Kg7 54. Rd7+ Kf8 55. Qd8# 1-0

[Event "Stuttgarter Stadtmeisterschaft 2010 B"]
[Site "Ditzingen"]
[Date "2010.05.15"]
[Round "5.5"]
[White "Rühl, Volker"]
[Black "Hamm, Julian"]
[Result "1-0"]
[WhiteElo "1866"]
[BlackElo "1633"]
[PlyCount "65"]
[EventDate "2010.??.??"]
[WhiteTeam "SAbt VfL Sindelfingen"]
[BlackTeam "Mönchfelder SV 1967"]

1. e4 e5 2. Nc3 Nf6 3. Bc4 Bc5 4. d3 h6 5. f4 d6 6. Na4 Bxg1 7. Rxg1 Ng4 8. g3
exf4 9. Bxf4 Nxh2 10. Qh5 Qd7 11. Qxh2 Qxa4 12. Qh5 Qd7 13. g4 Nc6 14. c3 b6
15. O-O-O Bb7 16. d4 O-O-O 17. Qxf7 Rhf8 18. Qxd7+ Kxd7 19. Rgf1 Ne7 20. Bd3 g5
21. Bg3 Ng6 22. Rf5 Rxf5 23. gxf5 Ne7 24. d5 Rf8 25. Rh1 Ng8 26. Bf2 c5 27.
dxc6+ Bxc6 28. Re1 Re8 29. Bd4 Ke7 30. e5 d5 31. Rf1 Rf8 32. f6+ Kf7 33. Bf5
1-0